| 000 | 00930nam a2200289Ia 4500 | ||
|---|---|---|---|
| 001 | dia_4913 | ||
| 003 | CHAP | ||
| 005 | 20251023172829.0 | ||
| 008 | 220117s2004 xx 000 0 und d | ||
| 010 | _a175712 | ||
| 020 | _a970-15-0886-6 | ||
| 040 | _cCHAP | ||
| 082 | _a660.28 G37 2004 | ||
| 100 |
_aGarcía Garrido, J. _946048 |
||
| 245 |
_aIndustrias químicas y agroalimentarias : análisis y ensayos / _c J. García Garrido y A. D. Rodríguez López |
||
| 260 |
_aEspaña : _b Alfaomega :, _b Universidad Politécnica de Valencia, _c2004 |
||
| 300 | _a184 p. | ||
| 503 | _aC/e | ||
| 650 |
_aAlimentos _xIndustria _94227 |
||
| 650 |
_aIndustrias agrícolas _957925 |
||
| 650 |
_aIndustrias químicas _958034 |
||
| 700 |
_aRodríguez López, A.D., coaut. _9157023 |
||
| 901 | _a660.28 G37 2004 | ||
| 902 | _aM | ||
| 905 | _a5232272004 sp am 8222223322spa16 | ||
| 942 |
_cLIBRO _2ddc |
||
| 999 |
_c175712 _d175712 |
||